Làng ven Truyện và Ký

Gespeichert in:
Bibliographische Detailangaben
Weitere Verfasser: Cao Duy Thảo (Tác giả), Nguyễn Chí Trung (Tác giả), Dương Hương Ly (Tác giả), Nguyễn Trung Thành (Tác giả), Trần Mai Hạnh (Tác giả)
Format: Buch
Sprache:Vietnamese
Veröffentlicht: Quảng Nam Văn học Giải phóng 1975
Schlagworte:
Tags: Tag hinzufügen
Keine Tags, Fügen Sie den ersten Tag hinzu!
Thư viện lưu trữ: Mạng thư viện Đại học Đà Nẵng
LEADER 01211nam a2200373 4500
001 000005682
003 1829
005 20120416080423.0
008 110819s1975 viesd
020 |c 8500đ 
041 0 |a vie 
082 |a 895.9228  |b Lan 
245 0 |a Làng ven  |b Truyện và Ký 
260 |a Quảng Nam  |b Văn học Giải phóng  |c 1975 
300 |a 206 tr.  |c 19 cm. 
653 |a Văn học Việt Nam 
653 |a Truyện 
653 |a Ký 
700 |a Cao Duy Thảo  |e Tác giả 
700 |a Nguyễn Chí Trung  |e Tác giả 
700 |a Dương Hương Ly  |e Tác giả 
700 |a Nguyễn Trung Thành  |e Tác giả 
700 |a Trần Mai Hạnh  |e Tác giả 
910 |a Huỳnh Thị Cẩm Lai  |d 19/08/2011 
OWN |a LSP 
AVA |a UDN50  |b LSP  |d 895.9228 Lan  |e unavailable  |t Error 5002 Not defined in file expand_doc_bib_avail.  |f 1  |g 1  |h N  |i 0  |k 1 
999 |a From the UDN01 
AVA |a UDN50  |b LSP  |d 895.9228 Lan  |e unavailable  |t Error 5002 Not defined in file expand_doc_bib_avail.  |f 1  |g 1  |h N  |i 0  |k 1 
TYP |a Monograph 
TYP |a Printed language 
980 |a Mạng thư viện Đại học Đà Nẵng